LotR: Angmar - Statistics

General Stats
  • This quiz has been taken 24 times
    13 since last reset
  • The average score is 4 of 14
Answer Stats
Answer % Correct
This was no {man}
78%
He looked upon a {woman}.
67%
Child of {Rohan},
56%
You fool - no {living} man can kill me!
56%
Too late he {knew},
33%
But still the {soldier} did not move,
22%
Left naked to the {lidless} eye.
22%
Too late {saw}
22%
Fair yet {terrible}.
11%
Your flesh {devoured};
11%
Beyond all {darkness};
0%
Slender as a {steel-blade}
0%
Your {shriveled} mind
0%
You will be {borne} away
0%
No matching quizzes found
Score Distribution
Percent of People with Each Score
Percentile by Number Answered
Your Score History
You have not taken this quiz since the last reset